000 00341nam a2200121Ia 4500
999 _c3340
_d3340
008 200103s 2007 ||||xx |||||||||||||| ||und||
082 _a629.13
_bNHO
100 _aNational Hydrographic Office
245 4 _aThe nautical almanac 2007
260 _bNational Hydrographic Office
_c2007
_aDehradun
300 _axxxv,319p.
942 _cBK